Zamestnanecké výhody ako faktor spokojnosti zamestnancov s prácou diplomová práca

Uložené v:
Podrobná bibliografia
Hlavný autor: Gyönyör, Orsolya
Korporativný autor: Fakulta podnikového manažmentu EU. Katedra manažmentu
Ďalší autori: Gálik, Rudolf
Médium: Kniha
Jazyk:Slovak
Vydavateľské údaje: Bratislava 2015
Tagy: Pridať tag
Žiadne tagy, Buďte prvý, kto otaguje tento záznam!

MARC

LEADER 00000nbm a2200000 4500
001 0201250
005 20161212101129.5
041 0 |a slo 
044 |a SK 
245 1 0 |a Zamestnanecké výhody ako faktor spokojnosti zamestnancov s prácou  |b diplomová práca  |c Orsolya Gyönyör ; školiteľ: Rudolf Gálik 
264 1 |a Bratislava  |c 2015 
300 |a 60 s. 
100 1 |a Gyönyör, Orsolya 
700 1 |a Gálik, Rudolf 
710 2 |a Fakulta podnikového manažmentu EU. Katedra manažmentu